Missing Word: Classic Literature Quiz Stats

 Plays Quiz Updated Jul 9, 2014

Support Sporcle.
Go Orange.
Score 0/20 Timer 02:00
0 Plays Today
Hint Answer % Correct
To Kill a ____Mockingbird
98.2%
____ of the FliesLord
96.4%
Of ____ and MenMice
95.9%
The Great ____Gatsby
95.6%
The Old ____ and the SeaMan
94.9%
____ FarmAnimal
94.8%
The Legend of ____ HollowSleepy
93.7%
____ CrusoeRobinson
92.9%
Jane ____Eyre
91.1%
The Picture of ____ GreyDorian
86.1%
Hint Answer % Correct
A ____ of the Artist as a Young ManPortrait
77.6%
____ FairVanity
69.1%
____ of DarknessHeart
68.7%
Cat's ____Cradle
68%
Doctor ____Zhivago
68%
On the ____Road
66.5%
Atlas ____Shrugged
66.4%
Northanger ____Abbey
58.6%
One Hundred Years of ____Solitude
58.4%
____ ManInvisible
47.7%

Today's Daily Dose

You're not logged in!

Compare scores with friends on all Sporcle quizzes.
OR
Log In

From the Vault

First Letters of Irish Cities

by MrWhiplash

With how quickly attention spans are dropping, people will probably start only remembering first letters.
Remove Ads.
Support Sporcle.
Get the best of Sporcle when you Go Orange. This ad-free experience offers more features, more stats, and more fun while also helping to support Sporcle. Thank you for becoming a member.

Show Comments

Extras

Top Quizzes Today


Score Distribution

Your Account Isn't Verified!

In order to create a playlist on Sporcle, you need to verify the email address you used during registration. Go to your Sporcle Settings to finish the process.

Report this User

Report this user for behavior that violates our Community Guidelines.

Details: